01074nam a2200253 a 4500001001000000003000500010005001700015008004100032010001100073011001100084040000900095100004000104245018300144260004100327500006000368502011800428650004900546650003500595650004300630650003200673700002900705856001600734856007000750000110714CHAP20220329144144.0140929s2014 mx a |sm |||||||spa d a107176 a108148 cCHAP1 aGuzmán Rodríguez, Jenner Elidel10aEvaluación técnica económica de la ganadería bovina en la zona baja de Tumbalá, Chiapash[En línea]cpor Jenner Elidel Guzmán Rodríguez y Ernesto Chávez Gatica. aChapingo, Méx. :bEl autor,c2014. aPara ver el contenido del material haga clic en la liga aTesis (Ing. Agr. Esp. en Zootecnia) -- UACH. Departamento de Enseñanza, Investigación y Servicio en Zootecnia14aGanaderíaxAspectos económicosxChiapas.14aGanado vacunoxAlimentación.14aGanado vacunoxCostos de producción.14aGanado vacunoxRendimiento.1 aChávez Gatica, Ernesto a1 n0001565 aFinding aiduhttp://10.13.5.2/tesis/sist110714.pdfzTeclea aquí